|
|
|
|
| LEADER |
00000ny a22000003n 4500 |
| 005 |
2011062200220.0 |
| 008 |
030213s2002 sp 000 0 spa d |
| 017 |
|
|
|a D.L.SE3962-02
|
| 020 |
|
|
|a 9788497720007
|
| 035 |
|
|
|a 184
|
| 040 |
|
|
|a SpMaUCDE
|d vLex
|
| 080 |
|
|
|a 336.542(460)
|
| 080 |
|
|
|a 659.1.03:34(460)
|
| 090 |
|
|
|c 980
|d 980
|
| 100 |
1 |
|
|a Martn̕ Garca̕, Maria del Lirio
|
| 245 |
1 |
3 |
|a La publicidad
|h [Recurso electrn̤ico]
|b su incidencia en la contratacin̤ /
|c M® del Lirio Martn̕ Garca̕
|
| 256 |
|
|
|a Servicio en ln̕ea
|
| 260 |
|
|
|a Madrid :
|b Dykinon,
|c D.L. 2002
|
| 300 |
|
|
|a 328 p. ;
|c 21 cm
|
| 504 |
|
|
|a Bibliografa̕: p.311-328
|
| 506 |
1 |
|
|a Contenido solo disponible en los productos indicados
|d vLex Global
|d vLex Global (Academic Edition, excluding Law Schools)
|d vLex Global (U.S. Academic Edition, Law Schools)
|d vLex Global (U.S. Academic Edition, excluding Law Schools)
|d vLex Global (Academic Edition, Law Schools)
|
| 650 |
0 |
7 |
|a Contratos
|2 Tesauro vLex
|
| 650 |
0 |
7 |
|a Civil
|2 Tesauro vLex
|
| 740 |
0 |
|
|a vLex Libros (Servicios en ln̕ea)
|
| 856 |
4 |
0 |
|u http://vlex.com/source/184
|z Acceso restringido
|
| 942 |
|
|
|c BOOK
|